[Event "FIDE Chesscom Grand Swiss 2021"]
[Site "Riga"]
[Date "2021.11.03"]
[Round "7.29"]
[White "Saric, Ivan"]
[Black "Ter-Sahakyan, Samvel"]
[Result "0-1"]
[WhiteElo "2644"]
[BlackElo "2607"]
[Annotator "TA"]
[PlyCount "84"]
[EventDate "2021.10.27"]
[EventType "swiss"]
[EventCountry "LAT"]
[Tiebreak "Cut1 Buchholz+Sonneborn-Berger (Swiss)"]
[SourceTitle "playchess.com"]
[Source "ChessBase"]
[SourceQuality "1"]

{[%evp 20,84,11,10,9,19,22,6,34,23,23,29,44,28,43,35,33,52,53,-39,-33,-29,12,7,
9,14,21,0,0,-14,-20,-14,-14,-139,-192,-168,-176,-239,-221,-315,-311,-333,-322,
-212,-293,-323,-196,-441,-440,-409,-322,-588,-584,-557,-584,-574,-553,-2102,
-1960,-29995,-29996,-29996,-29997,-29997,-29997,-29997,-693]} 1. e4 c5 2. Nf3
d6 3. d4 cxd4 4. Nxd4 Nf6 5. Nc3 a6 6. Be3 e5 7. Nb3 Be7 8. f3 Be6 9. Qd2 h5
10. Nd5 Nxd5 11. exd5 Bf5 {B90: Sicilian Najdorf: Unusual White 6th moves, 6
Be3 Ng4 and 6 Be3 e5.} 12. Be2 a5 {12...Nd7 is vanishing.} 13. a4 O-O {The
position is equal.} 14. O-O Nd7 15. f4 exf4 16. Bxf4 Rc8 $1 {[%mdl 4] is now
more promising than 16...Bg6.} 17. c3 Nf6 18. Be3 {[#]} Bg6 $146 ({Predecessor:
} 18... Be4 19. Bd4 Nxd5 20. Bf3 Bg5 21. Qe2 Bxf3 22. Qxf3 Nf6 23. Qf5 Ng4 24.
Qxa5 Re8 25. Qxd8 Bxd8 {1-0 (39) Giri,A (2764)-Grandelius,N (2663) Wijk aan
Zee 2021}) 19. c4 (19. Bb5 $14) 19... Re8 $15 20. Bd4 (20. Qxa5 $2 Qxa5 21.
Nxa5 Bd8 $19) 20... b6 21. Bd3 Bxd3 22. Qxd3 Nd7 23. Bxg7 Kxg7 24. Nd4 {
Intending Rxf7+! and mate.} Bf6 {...Bxd4+ is the strong threat.} 25. Nf5+ Kf8
$1 {White must now prevent ...Ne5.} 26. Qh3 {Black continues to play with
concentration.} (26. Nh6 $1 $11 Kg7 27. Nf5+ Kf8 28. Nh6) 26... Rxc4 $17 {
Strongly threatening ...Rc2.} 27. Qxh5 Re5 28. Qh6+ (28. Qh7 $142 Rg4 29. Kh1)
28... Kg8 $19 29. Ra3 {[#]} (29. h3 $142 Qf8 30. Qd2) 29... Rg4 $1 30. Rh3 {
[#] intending Qh7+.} Rg6 $1 {[%cal Rg6h6]} (30... Nf8 31. Qh5 $15) 31. Qh7+ Kf8
32. Rhf3 ({Not} 32. Nxd6 $2 Qe7 $19) 32... Qe8 33. Nh4 $2 (33. Nxd6 Qe7 34.
Rxf6 {[%mdl 64] Remove Defender} Nxf6 35. Qh8+ Ng8 36. Qxe5 (36. Rxf7+ $2 Qxf7
37. Nxf7 Rxd5 $19) 36... Qxd6 37. Qxd6+ Rxd6 38. Rd1) 33... Rg4 {[%mdl 64]
Double Attack} 34. Nf5 Re1 35. Nxd6 $2 (35. Qh6+ Kg8 36. b3) 35... Qe7 36. Nf5
Qc5+ 37. Kh1 Qc1 38. Kg1 Ne5 39. R3f2 Rxf1+ {Black mates.} 40. Rxf1 Nf3+ 41.
Kf2 Qd2+ 42. Kxf3 Qxg2+ {[%mdl 64] Double Attack.  Weighted Error Value:
White=0.72/Black=0.09} 0-1

[Event "FIDE Chesscom Grand Swiss 2021"]
[Site "Riga"]
[Date "2021.11.03"]
[Round "7.30"]
[White "Niemann, Hans Moke"]
[Black "Sindarov, Javokhir"]
[Result "1-0"]
[WhiteElo "2638"]
[BlackElo "2587"]
[Annotator "TA"]
[PlyCount "79"]
[EventDate "2021.10.27"]
[EventType "swiss"]
[EventCountry "LAT"]
[Tiebreak "Cut1 Buchholz+Sonneborn-Berger (Swiss)"]
[SourceTitle "playchess.com"]
[Source "ChessBase"]
[SourceQuality "1"]

{[%evp 22,79,54,48,49,44,62,47,47,45,54,43,83,61,67,60,121,81,87,87,80,97,88,
87,93,79,95,97,87,79,152,150,152,160,172,171,229,232,430,441,689,670,593,339,
531,494,909,701,712,681,891,893,883,846,29990,29991,29991,29992,29993,29994]} 
1. Nf3 Nf6 2. c4 g6 3. Nc3 c5 4. e4 Nc6 5. d4 cxd4 6. Nxd4 d6 7. Be2 Nxd4 8.
Qxd4 Bg7 9. Be3 O-O 10. Qd3 Be6 {10...a5 deserves study.} 11. O-O Qa5 12. Bd4
Rfc8 {B36: Sicilian: Maroczy Bind: Gurgenidze System.} 13. b3 Nd7 14. Bxg7 Kxg7
{White is slightly better.} 15. f4 f6 {[#]} 16. Kh1 $146 ({Predecessor:} 16.
Nd5 Bxd5 17. exd5 a6 18. Bg4 f5 19. Rae1 Re8 20. Bxf5 gxf5 21. Qxf5 Nf6 22. g4
{0-1 (36) Miovecz,J (2141)-Feher,T (2185) Hungary 2007}) 16... Qb6 17. Rae1 a5
18. Qg3 Nc5 (18... Rg8 $14) 19. Bg4 Bxg4 20. Nd5 Qd8 {...Be6 is the strong
threat.} 21. Qxg4 e6 22. Nc3 Qe7 23. Qd1 a4 24. Nb5 axb3 25. axb3 {[%cal Ba2b3,
Bb3b4][%mdl 32]} Ra6 (25... Rc6 $142) 26. b4 $16 Nd7 {[#]} 27. Qd3 e5 {[#]
With the idea ...exf4.} 28. f5 Nb8 (28... Rcc6 $142 29. Rd1 Nf8) 29. Rd1 $18
Rb6 $2 (29... g5 30. Nxd6 Rd8) 30. Nc3 {[%cal Bb5c3,Bc3d5,Bd5e3,Be3f5][%mdl 32]
} Rbc6 (30... Rf8 $142 31. Nd5 Qd8 32. Nxb6 Qxb6 33. Qxd6 Qxd6 34. Rxd6 gxf5)
31. Nd5 Qe8 32. fxg6 Nd7 (32... hxg6 $142 33. Qg3 Nd7) 33. gxh7 Rxc4 (33... Qf7
$142 34. Ne3 Kh8) 34. Ne3 Rc3 35. Nf5+ {[%mdl 64] Double Attack} Kxh7 36. Qxd6
R8c7 37. Rf3 {White wants to mate with Qd2.} Rc1 38. Rh3+ {White mates.} Kg6
39. Qd2 Rxd1+ 40. Qxd1 {[%csl Gh3][%cal Rd1h5] Weighted Error Value: White=0.
16/Black=0.58} 1-0

[Event "FIDE Chesscom Grand Swiss 2021"]
[Site "Riga"]
[Date "2021.11.03"]
[Round "7.31"]
[White "Yilmaz, Mustafa"]
[Black "Dreev, Aleksey"]
[Result "1-0"]
[WhiteElo "2626"]
[BlackElo "2635"]
[Annotator "TA"]
[PlyCount "77"]
[EventDate "2021.10.27"]
[EventType "swiss"]
[EventCountry "LAT"]
[Tiebreak "Cut1 Buchholz+Sonneborn-Berger (Swiss)"]
[SourceTitle "playchess.com"]
[Source "ChessBase"]
[SourceQuality "1"]

{[%evp 19,77,14,8,11,18,14,14,0,10,15,30,21,22,15,34,2,29,33,38,25,62,61,84,95,
85,87,91,98,135,169,191,180,180,177,185,173,182,205,212,204,189,186,340,330,
316,273,364,355,737,529,533,503,772,756,708,705,923,893,864,817]} 1. d4 Nf6 2.
c4 e6 3. Nf3 d5 4. Nc3 Nbd7 5. cxd5 exd5 6. Bg5 c6 7. Qc2 Be7 8. e3 Nh5 9. Bxe7
Qxe7 10. O-O-O Nb6 11. Bd3 {seems to push 11.h3 aside. D36: Queen's Gambit
Declined: Exchange Variation: Main line (5 Bg5 c6 6 Qc2).} Bg4 12. Kb1 (12.
Bxh7 g6 $17) 12... g6 13. h3 {The position is equal.} Bxf3 14. gxf3 {[#]} Qh4
$146 ({Predecessor:} 14... O-O-O 15. Qb3 Kb8 16. a4 Qe6 17. a5 Nc4 18. a6 b6
19. Na4 Rc8 20. Ka1 Ka8 {1-0 (50) Carlsen,M (2847)-Artemiev,V (2704) Chess24.
com INT 2021}) 15. f4 Nf6 16. Rc1 O-O 17. Rcg1 Kh8 18. Rg2 Rac8 19. Ne2 Nfd7
20. Qd1 c5 {[#] Black is now going downhill.} 21. Rg4 $1 {[%cal Rg4h4]} Qe7 22.
h4 Nf6 23. Rg5 Nc4 24. h5 cxd4 25. hxg6 fxg6 26. Nxd4 Ne4 27. Bxe4 ({Not} 27.
Rxd5 $2 Nxf2 28. Qe2 Nxh1 $19) 27... Nd2+ 28. Ka1 Nxe4 {[#]} 29. Rg2 ({Don't
go for} 29. Rxd5 $2 Nxf2 30. Qg1 Nxh1 $19) 29... Rf6 30. Nf3 Qc5 $2 (30... Rfc6
) 31. Ne5 $18 {aiming for Nxg6+.} Kg7 32. Nd7 {[%mdl 64] Double Attack} Qe7 33.
Nxf6 ({Less strong is} 33. Qxd5 Rd8 $14) 33... Qxf6 $2 (33... Nxf6 34. f5 Qe4)
34. f3 {White is clearly winning.} Nd6 35. Qxd5 Re8 (35... Rc7 $142 36. e4 Nf7)
36. Qh5 Rh8 37. Qh6+ Kf7 38. e4 Nc4 39. f5 {Weighted Error Value: White=0.11/
Black=0.21} 1-0

[Event "FIDE Chesscom Grand Swiss 2021"]
[Site "Riga"]
[Date "2021.11.03"]
[Round "7.32"]
[White "Ivic, Velimir"]
[Black "Zhou, Jianchao"]
[Result "1/2-1/2"]
[WhiteElo "2606"]
[BlackElo "2629"]
[Annotator "TA"]
[PlyCount "137"]
[EventDate "2021.10.27"]
[EventType "swiss"]
[EventCountry "LAT"]
[Tiebreak "Cut1 Buchholz+Sonneborn-Berger (Swiss)"]
[SourceTitle "playchess.com"]
[Source "ChessBase"]
[SourceQuality "1"]

{[%evp 23,136,25,27,17,30,19,33,7,0,5,9,8,7,0,0,0,6,0,0,0,36,61,35,47,139,144,
134,133,134,122,129,119,106,95,122,129,125,125,111,111,132,121,118,117,208,215,
227,245,243,236,199,200,168,20,25,12,12,0,0,0,0,0,0,0,0,0,0,0,0,0,0,0,0,0,0,0,
0,0,0,-28000,-28000,-28000,-28000,-28000,-28000,-28000,-28000,-28000,-28000,
-28000,-28000,-28000,-28000,-28000,-28000,-28000,-28000,-28000,-28000,-28000,
-28000,-28000,-28000,-28000,-28000,-28000,-28000,-28000,-28000,-28000,-28000,
-28000,-28000,-28000,-28000]} 1. e4 c5 2. Nf3 d6 3. d4 cxd4 4. Nxd4 Nf6 5. Nc3
a6 6. Be3 e5 7. Nb3 Be6 8. f3 Be7 9. Qd2 O-O 10. O-O-O Nbd7 11. g4 b5 12. g5
Nh5 $1 {[%mdl 4] is currently scoring better than 12...b4.} 13. Kb1 {B90:
Sicilian Najdorf: Unusual White 6th moves, 6 Be3 Ng4 and 6 Be3 e5.} Nb6 14. Na5
Rc8 15. Nd5 {White is slightly better.} Nxd5 16. exd5 Bxd5 17. Qxd5 {Hoping
for Nc6.} Qxa5 18. Bd3 $5 {[%mdl 4] A promising side line.} g6 {[#]} 19. Be4 $5
$146 {[%mdl 8] An interesting novelty.} ({Predecessor:} 19. c4 Nf4 20. Bxf4
exf4 21. h4 Rc5 22. Qe4 Re5 23. Qxf4 Rc8 24. h5 Bxg5 25. Qg4 {1-0 (31)
Grigoriants,S (2542)-Bok,B (2624) Chess.com INT 2020}) 19... Qd8 20. h4 Ng3 21.
Rh2 $1 Nxe4 22. fxe4 Qc7 23. h5 Qc4 (23... gxh5 $14 24. Rdh1 Qc4) 24. hxg6 $16
Qxd5 (24... hxg6 $2 25. Rdh1 $18) 25. gxh7+ Kh8 26. exd5 ({Much worse is} 26.
Rxd5 $6 Rc4 $14) 26... f5 {With the idea ...f4.} 27. gxf6 $1 Rxf6 28. Bg5 Rf7
29. Bxe7 Rxe7 {[%mdl 4096] Endgame KRR-KRR} 30. Rh6 Rd8 31. Rdh1 Rc7 32. c3 Rc5
33. Rd1 Rc7 (33... a5 $16) 34. Rg1 $1 $18 Rxh7 35. Rgg6 Rxh6 36. Rxh6+ {KR-KR}
Kg7 37. Re6 a5 38. Kc2 ({Only move:} 38. b3 $1 $18) 38... a4 $11 39. b3 axb3+
40. axb3 Kf7 41. Kb2 Rd7 42. Kc1 Rc7 43. Kc2 Rd7 44. Kb2 Rd8 45. Ka3 {Kb4 is
the strong threat.} (45. Kc1 {keeps more tension.} Kg8 46. Kd2 Kg7 47. Kd3 Rd7
48. c4) 45... Re8 $1 {[%cal Re8e6]} 46. Rxe8 Kxe8 {K3P-K3P} 47. Kb4 e4 {
Strongly threatening ...e3.} 48. c4 ({Wrong is} 48. Kxb5 $2 e3 $19) 48... Kd7 (
48... e3 $5 49. Kc3 $8 bxc4 50. bxc4 Ke7 $11) 49. Kc3 ({Don't go for} 49. Kxb5
$2 e3 50. c5 e2 51. c6+ Kc7 52. Kc4 e1=Q 53. Kd3 Qg3+ 54. Kc4 Qe3 55. b4 Qd2
56. b5 Kb6 57. c7 Kxc7 58. Kb3 Kb6 59. Kc4 Ka5 60. b6 Kxb6 61. Kb3 Kc5 62. Ka3
Kc4 63. Ka4 Qb4#) 49... Kc7 50. Kd4 bxc4 51. bxc4 Kd7 {Mate.} 52. Kxe4 {KPP-KP}
Ke8 53. Kf4 Kf8 $1 54. Kg4 Kg8 $1 55. Kh3 Kf7 56. Kg2 Kg8 57. Kh2 Kf8 58. Kh1 {
[#]} Kf7 $1 59. Kg1 {[#]} Kg7 $1 60. Kf2 Kf8 61. Ke3 Ke7 62. Kd4 Kd8 63. c5
dxc5+ 64. Kxc5 {KP-K} Kc7 65. d6+ Kd7 66. Kd5 Kd8 67. Kc6 Kc8 68. d7+ Kd8 69.
Kd6 {Never resign too early!  Weighted Error Value: White=0.20/Black=0.05}
1/2-1/2

[Event "FIDE Chesscom Grand Swiss 2021"]
[Site "Riga"]
[Date "2021.11.03"]
[Round "7.33"]
[White "Svidler, Peter"]
[Black "Praggnanandhaa R"]
[Result "1/2-1/2"]
[WhiteElo "2694"]
[BlackElo "2618"]
[Annotator "TA"]
[PlyCount "61"]
[EventDate "2021.10.27"]
[EventType "swiss"]
[EventCountry "LAT"]
[Tiebreak "Cut1 Buchholz+Sonneborn-Berger (Swiss)"]
[SourceTitle "playchess.com"]
[Source "ChessBase"]
[SourceQuality "1"]

{[%evp 9,61,28,30,27,37,45,18,14,11,0,4,0,36,0,0,8,47,29,60,63,71,71,73,69,85,
55,69,46,108,66,58,80,86,75,129,119,110,112,212,101,93,95,73,86,142,23,23,23,
23,23,17,9,14,5]} 1. e4 {Lupulescu,C} c5 2. Nf3 Nc6 3. Bb5 g6 4. Bxc6 dxc6 5.
d3 Qc7 6. O-O {B31: Sicilian: 2...Nc6 3 Bb5 g6.} e5 7. Be3 Nf6 8. Qe1 Bg4 9.
Nbd2 Nh5 10. a3 Be7 {[#]} 11. b4 $146 ({Predecessor:} 11. Qb1 Nf4 12. b4 Ne2+
13. Kh1 Nd4 14. Ng1 g5 15. bxc5 Bxc5 16. Bxg5 Rg8 17. Bh4 {1/2-1/2 (68)
Aronian,L (2752)-Carlsen,M (2875) Stavanger 2019 CBM 191 [Lupulescu,C]}) 11...
cxb4 12. axb4 O-O 13. Qb1 Nf4 14. Qb2 f6 15. Bxf4 exf4 16. Qb3+ Kh8 17. d4 g5
18. c4 b6 ({Black should try} 18... Be6 $14) 19. c5 Qd7 20. Qc3 Rfd8 21. Nb3
Kg8 (21... Be6 $142) 22. Rfe1 $16 bxc5 23. bxc5 Rab8 (23... Rac8 $16) 24. Nfd2
(24. d5 $1 $18 {[%cal Rd5d6]}) 24... Be6 25. h3 Bf7 26. Ra6 Qb7 {[#]} (26...
Rb7 $142) 27. Rea1 Qb4 $1 $11 {[%cal Rb4c3]} ({Avoid the trap} 27... Bxb3 $2
28. Rxa7 Qb4 29. Qxb3+ Qxb3 30. Nxb3 $18) 28. Qxb4 Rxb4 29. Na5 ({Much weaker
is} 29. Rxc6 Bxb3 30. Rxa7 Bf8 $17) 29... Rbxd4 30. Nxc6 {[%mdl 64] Double
Attack} Bxc5 31. Nxd4 {Weighted Error Value: White=0.18/Black=0.15} 1/2-1/2

[Event "FIDE Chesscom Grand Swiss 2021"]
[Site "Riga"]
[Date "2021.11.03"]
[Round "7.34"]
[White "Brkic, Ante"]
[Black "Van Foreest, Jorden"]
[Result "1-0"]
[WhiteElo "2621"]
[BlackElo "2691"]
[Annotator "TA"]
[PlyCount "77"]
[EventDate "2021.10.27"]
[EventType "swiss"]
[EventCountry "LAT"]
[Tiebreak "Cut1 Buchholz+Sonneborn-Berger (Swiss)"]
[SourceTitle "playchess.com"]
[Source "ChessBase"]
[SourceQuality "1"]

{[%evp 22,77,55,58,73,47,52,41,44,44,40,31,80,50,46,57,56,44,36,30,59,45,100,
89,85,83,87,84,147,148,147,139,136,137,154,126,132,129,131,137,143,145,164,102,
158,157,595,586,626,643,625,634,614,622,590,580,1038,1096]} 1. e4 c5 2. Nf3 d6
3. d4 cxd4 4. Nxd4 Nf6 5. Nc3 a6 6. Bg5 e6 7. f4 Be7 8. Qf3 Qc7 9. O-O-O Nbd7
10. g4 h6 11. Bxf6 Bxf6 12. h4 Nb6 {is now more promising than 12...Qb6. B99:
Sicilian Najdorf: 6 Bg5 e6 7 f4 Be7 8 Qf3 Qc7 9 0-0-0 Nbd7.} 13. g5 Bxd4 14.
Rxd4 Qc5 {White is slightly better.} 15. Rd2 Bd7 16. Be2 {[#]} Rc8 $146 ({
Predecessor:} 16... Na4 17. Rd3 Rc8 18. Bd1 Nxc3 19. Rxc3 Qa5 20. gxh6 Rxh6 21.
Rxc8+ Bxc8 22. h5 Bd7 {1-0 (34) Raja,H (2459)-Perez Gormaz,M (2413) Banja
Vrujci 2021}) 17. gxh6 Rxh6 18. h5 Na4 19. Nxa4 Bxa4 20. c3 Bc6 21. Rhd1 Ba4 (
21... Kf8 $14) 22. b3 Bb5 23. c4 Bc6 24. Kb2 $1 Rd8 (24... b5 $142) 25. Qg3 $36
{[%mdl 2048] Keeping Black busy.} Bxe4 {[#]} 26. Rd4 $1 {[%cal Rd4e4]} Qf5 27.
Qxg7 Rh7 28. Qg1 {Threatens to win with Rxe4!} Qf6 29. Qg5 Qxg5 30. fxg5 d5 31.
cxd5 exd5 {[#]} 32. h6 (32. Bg4 $1 $18) 32... Ke7 {[#]} (32... f5 $142) 33. Bc4
$1 {[%mdl 512] Hoping for Re1.} Rhh8 $2 {[#] This costs Black the game.} (33...
Rd6 $16 {is more resistant.}) 34. Re1 $1 $18 {White is clearly winning.} f5 (
34... f6 35. Rxd5) 35. Rxd5 Rdf8 36. Re5+ Kd6 37. Re6+ Kc7 38. g6 {Black must
now prevent g7.} b5 {[#]} 39. g7 $1 {[%mdl 64] Double Attack.  Weighted Error
Value: White=0.05/Black=0.31} 1-0

[Event "FIDE Chesscom Grand Swiss 2021"]
[Site "Riga"]
[Date "2021.11.03"]
[Round "7.35"]
[White "Yakubboev, Nodirbek"]
[Black "Matlakov, Maxim"]
[Result "1/2-1/2"]
[WhiteElo "2621"]
[BlackElo "2682"]
[Annotator "TA"]
[PlyCount "21"]
[EventDate "2021.10.27"]
[EventType "swiss"]
[EventCountry "LAT"]
[Tiebreak "Cut1 Buchholz+Sonneborn-Berger (Swiss)"]
[SourceTitle "playchess.com"]
[Source "ChessBase"]
[SourceQuality "1"]

{[%evp 20,21,16,0]} 1. d4 d5 2. c4 c6 3. Nf3 Nf6 4. Nc3 dxc4 5. a4 Bf5 {[#]} 6.
Nh4 $146 ({Predecessor:} 6. Ne5 Nbd7 7. Nxc4 Nb6 8. Ne5 a5 9. Rg1 Nfd7 10. e4
Bg6 11. Nxg6 hxg6 12. Bg5 Qc7 13. e5 e6 14. Bd3 Rxh2 15. Qg4 Be7 16. Bxe7 Kxe7
17. Qg5+ Kf8 18. Bxg6 {1/2-1/2 (27) Mamedyarov,S (2762)-Korobov,A (2685)
Struga 2021}) 6... Bc8 7. Nf3 Bf5 8. Nh4 Bc8 9. Nf3 Bf5 10. Nh4 {10.Ne5 is the
recent fashion.} Bc8 11. Nf3 1/2-1/2

[Event "FIDE Chesscom Grand Swiss 2021"]
[Site "Riga"]
[Date "2021.11.03"]
[Round "7.36"]
[White "Henriquez Villagra, Cristobal"]
[Black "Mamedov, Rauf"]
[Result "1/2-1/2"]
[WhiteElo "2608"]
[BlackElo "2673"]
[Annotator "TA"]
[PlyCount "101"]
[EventDate "2021.10.27"]
[EventType "swiss"]
[EventCountry "LAT"]
[Tiebreak "Cut1 Buchholz+Sonneborn-Berger (Swiss)"]
[SourceTitle "playchess.com"]
[Source "ChessBase"]
[SourceQuality "1"]

{[%evp 15,101,0,6,0,0,0,0,0,0,0,12,-20,0,-16,-7,-12,-29,-42,-26,-37,-24,-45,
-48,-38,-25,-41,-10,-25,-9,-19,6,4,45,44,37,29,24,24,26,34,27,29,100,112,115,
114,109,65,396,500,462,466,434,264,192,162,314,314,279,264,307,162,125,84,143,
110,147,154,151,146,112,117,114,0,0,0,0,0,0,0,0,0,0,0,0,0,0,0]} 1. e4 c5 2. Nf3
Nc6 3. Bb5 g6 4. O-O Bg7 5. c3 Nf6 6. Re1 O-O 7. d4 d5 {is now debated instead
of 7...cxd4.} 8. e5 Ne4 9. Be3 {B31: Sicilian: 2...Nc6 3 Bb5 g6.} cxd4 10. cxd4
Qb6 11. Qe2 Bd7 {[#]} 12. Ba4 $146 ({Predecessor:} 12. a4 a6 13. Bd3 Nb4 14. a5
Qd8 15. Bxe4 dxe4 16. Ng5 Rc8 17. Nc3 f6 18. Ngxe4 fxe5 19. dxe5 Bxe5 {1/2-1/2
(37) Sasikiran,K (2647)-Yakovich,Y (2526) Chess.com INT 2020}) 12... Rac8 13.
h3 Rfd8 14. Na3 Nb4 15. Bb3 a5 16. Nd2 a4 17. Nxe4 axb3 18. Nc3 bxa2 19. Nxa2
Nxa2 20. Rxa2 Qb3 21. Raa1 b5 22. Rec1 b4 23. Nb5 Rc4 24. Nc7 Bf5 25. Qd2 Rc8
26. Na6 Rxc1+ 27. Rxc1 Rxc1+ 28. Qxc1 Qa4 (28... h5 $11) 29. Nc7 $16 Qd7 30.
Qc5 e6 31. Qb6 {And now Qb8+ would win.} h5 $2 {[%mdl 8192] [#]} (31... Qd8 $14
) 32. Qb8+ $1 $18 Kh7 33. Ne8 {Nf6+ would kill now.} Qe7 34. Bf4 {Strongly
threatening Nf6+!} Qf8 35. Qd8 Bh6 $2 (35... Bc2 36. Qd7 Bh6 37. Bxh6 Kxh6) 36.
Bxh6 Kxh6 {[#]} 37. Nd6 $1 {[%mdl 512]} Kg7 (37... Qxd8 38. Nxf7+) 38. Qxf8+ (
38. Qb6 $142) 38... Kxf8 {[%mdl 4096] Endgame KB-KN} 39. h4 Bd3 (39... Ke7 $142
) 40. f3 $16 Ba6 41. Kf2 Ke7 42. Ke3 f6 43. Kf4 fxe5+ 44. Kxe5 ({White has to
play} 44. dxe5 $16 Kd7 45. g4) 44... Bf1 $1 $11 {The position is equal.} 45. g3
{Nb7 is the strong threat.} Ba6 46. b3 Be2 {White should prevent ...Bd1.} 47.
Nb7 Bxf3 48. Nc5 Bd1 49. Nd3 Bxb3 50. Nxb4 Ba4 51. Na6 {Black escapes into a
draw.  Weighted Error Value: White=0.15/Black=0.29} 1/2-1/2

[Event "FIDE Chesscom Grand Swiss 2021"]
[Site "Riga"]
[Date "2021.11.03"]
[Round "7.37"]
[White "Cori, Jorge"]
[Black "Martirosyan, Haik M."]
[Result "1-0"]
[WhiteElo "2655"]
[BlackElo "2624"]
[Annotator "TA"]
[PlyCount "205"]
[EventDate "2021.10.27"]
[EventType "swiss"]
[EventCountry "LAT"]
[Tiebreak "Cut1 Buchholz+Sonneborn-Berger (Swiss)"]
[SourceTitle "playchess.com"]
[Source "ChessBase"]
[SourceQuality "1"]

{[%evp 14,205,33,1,19,19,21,8,22,8,11,22,20,8,18,0,0,7,27,27,29,29,31,22,28,27,
25,32,42,41,41,42,35,34,50,37,54,43,50,50,51,51,52,36,37,37,45,8,64,64,64,64,
78,78,89,45,45,45,45,45,45,45,45,45,52,8,9,7,46,45,44,43,36,35,27,61,54,43,43,
0,48,48,44,42,62,62,62,62,63,18,62,62,67,67,112,112,112,112,112,112,112,112,
112,8,8,8,112,112,112,8,251,248,247,112,303,289,276,195,236,19,19,19,241,241,
241,236,183,112,112,112,634,535,395,268,388,718,1131,1096,954,954,915,859,1000,
993,951,875,6590,2402,6299,5485,961,29961,12843,5401,29949,7262,6227,4961,
29967,29969,29969,29970,29968,29967,29965,29966,7318,6127,29973,29974,29972,
29967,29979,29981,29981,29982,29982,29983,29982,29983,29983,29984,29984,29984,
29984,29985,29985,29985,29987,29988,29988,29989,29989,29989]} 1. d4 Nf6 2. c4
e6 3. Nf3 d5 4. Nc3 Be7 5. Bf4 O-O 6. e3 Nbd7 7. c5 c6 8. h3 h6 {D37: Queen's
Gambit Declined: 5 Bf4.} 9. a3 b6 10. b4 a5 {The position is equal.} 11. Bd3
Ba6 12. O-O Qc8 13. Qc2 Qb7 14. Rfb1 (14. Bxa6 {is more complex.} Rxa6 15. Rfb1
Rc8 16. Bg3 Ra7 17. Bh4) 14... Bxd3 15. Qxd3 axb4 16. axb4 Rxa1 17. Rxa1 {
And now Qa6 would win.} Ra8 18. Qb1 Bd8 19. Rxa8 Qxa8 {[#]} 20. Qa2 $146 ({
Predecessor:} 20. Qb2 Ne8 21. Ne5 Nxe5 22. Bxe5 b5 23. g4 Bh4 24. Qa2 Qxa2 {
1/2-1/2 (24) Behling,H (2223)-Ishemguzhin,I (2181) ICCF email 2014}) 20... Qb7
21. Qa4 b5 22. Qa2 Ne8 23. Ne1 Nc7 24. Nd3 Qa6 25. f3 Qxa2 26. Nxa2 Na6 27. Kf2
f6 28. e4 Kf7 29. g4 Bc7 30. Bxc7 {Bd6 is the strong threat.} Nxc7 $14 {
[%mdl 4096] Endgame KNN-KNN} (30... dxe4 $1 $11 31. fxe4 Nxc7) 31. e5 f5 32.
Nac1 g5 33. Nb3 fxg4 34. hxg4 Na6 $1 35. Na5 Nab8 36. f4 gxf4 37. Nxf4 Nf8 $1
38. Ke3 Ng6 39. Nh5 Ne7 40. Kd3 Kg6 41. Nf6 Na6 42. Kc3 Kg5 43. Nb7 Kg6 44. Nd8
Nc7 45. Kd2 Kg5 46. Ke3 Kh4 47. Kd3 Kg5 48. Kd2 Kg6 49. Ke3 Na6 $1 50. Nxe6
Nxb4 51. Kd2 Na6 52. Nh5 $1 Kf7 53. Nhf4 Ng6 54. Nd8+ Ke8 55. Nxg6 Kxd8 $16 {
KN-KN} 56. Nh4 $1 Nc7 57. Nf5 Ne6 58. Kc3 (58. Ke3 $1 $16) 58... Kd7 $11 59.
Nxh6 Ng5 (59... Kc7 $11 {remains equal.}) 60. Nf5 $16 Ne6 61. Ne3 (61. Kd2 $16)
61... Ng5 $2 (61... b4+ $1 $11 62. Kd3 (62. Kxb4 Nxd4 63. g5 Ke7 $11) 62... Kc7
) 62. Nc2 Ne6 63. Ne1 (63. Nb4 $18) 63... Ng5 $2 (63... b4+ $16 {was worth a
try.} 64. Kxb4 Nxd4) 64. Kd3 Ne4 65. Kc2 Ng5 66. Nd3 $2 (66. Kd2 $18) 66... Ne6
$1 $11 67. Kc3 Ke7 $2 (67... Kc8 $1 $11 {and Black is okay.}) 68. Nb4 $18 Kd7
69. Kd3 Nf4+ 70. Ke3 (70. Kd2 $18) 70... Ne6 $16 71. Nc2 Ke7 $2 {[%mdl 8192]} (
71... Kc8 $16) 72. Ne1 $18 Ng5 73. Nf3 Ne4 (73... Nf7 {is a better defense.}
74. g5 Nh8) 74. g5 Kf8 75. Kd3 Kf7 {[#]} 76. Kc2 $1 Ng3 77. Kc3 Nf5 78. Kb4 Ng3
79. Nd2 Kg6 80. Nb3 (80. Ka5 $142 Nf5 81. Nb3) 80... Nf5 {[#]} 81. Ka5 $1 {
[%cal Ra5b6]} Kxg5 82. Kb6 Ne7 83. Kc7 Kg6 84. Kd7 Kf7 85. Na5 b4 86. Nb3 Kf8
87. e6 Ng6 88. Kxc6 Ke7 89. Kxd5 Nf4+ 90. Ke5 Nxe6 91. d5 {White mates.} Nd8
92. Kd4 Kf6 93. c6 Nf7 94. Kc5 Ke7 95. Nd2 Ne5 96. Kxb4 Nd3+ 97. Kc4 Ne5+ 98.
Kc5 Nd3+ 99. Kd4 Nb4 100. Kc4 Na6 101. Ne4 Kd8 102. d6 Kc8 103. Kb5 {Weighted
Error Value: White=0.09/Black=0.12} 1-0